000
00327nam a2200145Ia 4500
008
150301s2013 xx 000 0 und d
082
_a
618.92
_b
P13G
100
_a
GUPTA, PIYUSH
245
_a
TB. OF PEDIATRICS
250
_a
1ST
260
_b
CBS
_a
DELHI
_c
2013
300
_a
636
650
_a
PEDIATRICS
942
_2
ddc
_c
BK
_0
17
999
_c
6661
_d
6661